000 00670nam a2200289Ia 4500
005 20260324133452.0
008 008 260324s9999 xx 000 0 eng d
020 _a9780203741764
037 _aEBOOK
040 _aCRL
040 _beng
040 _cCRL
041 _2eng
041 _aeng
084 _qCRL
100 _aCarl L. Pritchard
_91193212
245 0 _aProject Management Drill Book
245 2 _bA Self-Study Guide
260 _bTaylor and Francis
260 _c2003
365 _a
365 _b460
856 _uhttp://www.taylorfrancis.com/books/9780203741764
942 _cEBOOK
999 _c1792268
_d1792268